One Piece - Mort subite - Statistiques

Statistiques générales
  • Ce quiz a été pris 14 012 fois
  • Le résultat moyen est 14 sur 20
Answers on the Grid
Answers color-coded by a green-red scale on the quiz's grid according to % correct below.
Yumeko Jabami
Lucky Roux
Doflamingo
Naruko Anjo
Van Augur
Foxy
Perona
Hashirama Senju
Yasopp
Izuna Hatsuse
Fisher Tiger
Oz
Nami
Yuno Gasai
Luffy
Rebecca
Esdeath
Chichi
Brook
Yamato
Rukia Kuchiki
Charlotte Pudding
Zoro
Shizuka Mikazuki
Kaya
Pekoms
Speed
Hina
Hiluluk
Sunraku
 
Statistiques - réponses
Réponse % Correct
Doflamingo
93%
Luffy
89%
Yasopp
87%
Nami
86%
Foxy
83%
Brook
80%
Perona
80%
Zoro
80%
Oz
79%
Fisher Tiger
77%
Charlotte Pudding
73%
Rebecca
73%
Yamato
72%
Lucky Roux
70%
Hiluluk
64%
Van Augur
63%
Kaya
62%
Pekoms
61%
Hina
47%
Speed
29%
Aucun quiz correspondant
Distribution des résultats
% des personnes avec chaque résultat
Percentile par nombre de réponses
Votre historique - résultats
Vous n’avez pas pris ce quiz